[Event "RUS-chB U18"]
[Site "Dagomys"]
[Date "2009.04.20"]
[Round "6"]
[White "Pyatin, Alexander"]
[Black "Ovchinnikov, Alexey"]
[Result "1-0"]
[WhiteElo "2016"]
[BlackElo "2167"]
[PlyCount "95"]
[EventDate "2009.04.15"]
[EventType "swiss"]
[EventRounds "9"]
[EventCountry "RUS"]
[SourceTitle "EXT 2010"]
[Source "ChessBase"]
[SourceDate "2010.11.25"]
[SourceVersion "1"]
[SourceVersionDate "2010.11.25"]
[SourceQuality "1"]

1. e4 c5 2. Nf3 Nc6 3. d4 cxd4 4. Nxd4 Qb6 5. Nb3 Nf6 6. Nc3 e6 7. Be3 Qc7 8. a3 d6 9. Be2 a6 10. 0-0 b5 11. f4 Bb7 12. Bf3 Be7 13. Qe2 0-0 14. g4 Nd7 15. g5 Nb6 16. Rae1 Nc4 17. Bc1 a5 18. Kh1 Ba6 19. Qf2 b4 20. axb4 axb4 21. Ne2 Bb7 22. Rg1 f6 23. g6 f5 24. Qg2 Bf6 25. exf5 exf5 26. Qh3 hxg6 27. Rxg6 Ne7 28. Rg2 Bxf3 29. Qxf3 Qc6 30. Qg3 Rf7 31. Ned4 Qd5 32. Ne6 Rc8 33. h4 Nb6 34. Kh2 Rc4 35. Nd8 Re4 36. Nxf7 Kxf7 37. h5 Qe6 38. Rxe4 fxe4 39. Be3 Nbd5 40. Bd4 Bxd4 41. Nxd4 Qf6 42. Nb5 Nf5 43. Qg5 Qxg5 44. Rxg5 Ke6 45. Nxd6 Nh4 46. Kg3 Nf3 47. Rg6+ Kd7 48. Nxe4 1-0

[Event "RUS-chB U18"]
[Site "Dagomys"]
[Date "2009.04.18"]
[Round "4"]
[White "Burger, Konstantin"]
[Black "Ovchinnikov, Alexey"]
[Result "1-0"]
[WhiteElo "2189"]
[BlackElo "2167"]
[PlyCount "101"]
[EventDate "2009.04.15"]
[EventType "swiss"]
[EventRounds "9"]
[EventCountry "RUS"]
[SourceTitle "EXT 2010"]
[Source "ChessBase"]
[SourceDate "2010.11.25"]
[SourceVersion "1"]
[SourceVersionDate "2010.11.25"]
[SourceQuality "1"]

1. e4 c5 2. Nf3 Nc6 3. d4 cxd4 4. Nxd4 g6 5. Nc3 Bg7 6. Be3 Nf6 7. Bc4 0-0 8. Bb3 d6 9. f3 Bd7 10. Qd2 Nxd4 11. Bxd4 b5 12. 0-0-0 a5 13. e5 dxe5 14. Bxe5 Bc6 15. Qe3 Qc8 16. Nd5 Bxd5 17. Bxd5 Nxd5 18. Rxd5 Qc4 19. Qb3 Bxe5 20. Rxe5 Qf4+ 21. Qe3 Qc4 22. Qb3 Qf4+ 23. Qe3 Qc4 24. Kb1 Rfc8 25. Rc1 e6 26. h4 Qxh4 27. Rxb5 Rab8 28. Rxb8 Rxb8 29. c4 Qf6 30. Rc3 a4 31. a3 Qf5+ 32. Ka1 Rd8 33. c5 Rd1+ 34. Rc1 Rd3 35. Qe2 Qf4 36. Rc2 Qd4 37. Rc1 Rxa3+ 38. Kb1 Qd3+ 39. Qxd3 Rxd3 40. Rc4 Kf8 41. Rxa4 Ke7 42. Kc2 Rd7 43. Kc3 e5 44. b4 f5 45. Ra1 Kd8 46. b5 Rd5 47. Kb4 e4 48. fxe4 fxe4 49. b6 Kd7 50. Ra7+ Kc8 51. c6 1-0

[Event "RUS-chB U18"]
[Site "Dagomys"]
[Date "2009.04.16"]
[Round "2"]
[White "Shustov, Igor"]
[Black "Ovchinnikov, Alexey"]
[Result "0-1"]
[WhiteElo "2057"]
[BlackElo "2167"]
[PlyCount "68"]
[EventDate "2009.04.15"]
[EventType "swiss"]
[EventRounds "9"]
[EventCountry "RUS"]
[SourceTitle "EXT 2010"]
[Source "ChessBase"]
[SourceDate "2010.11.25"]
[SourceVersion "1"]
[SourceVersionDate "2010.11.25"]
[SourceQuality "1"]

1. d4 c5 2. d5 g6 3. e4 Bg7 4. c3 d6 5. g3 Nf6 6. Bg2 0-0 7. Ne2 Nbd7 8. 0-0 b5 9. f4 Qb6 10. h3 Bb7 11. Be3 Rfe8 12. b4 e6 13. bxc5 Nxc5 14. Bf2 exd5 15. exd5 Nfe4 16. Bd4 Bxd4+ 17. Qxd4 Na4 18. Bxe4 Rxe4 19. Qxb6 Nxb6 20. Nd4 a6 21. Nd2 Re3 22. Kf2 Rxc3 23. Ne4 Ra3 24. Rfd1 f5 25. Nc2 Ra4 26. Nf6+ Kg7 27. Re1 Rc8 28. Ne8+ Kf8 29. Nxd6 Rxc2+ 30. Kg1 Bxd5 31. Re8+ Kg7 32. Re7+ Kh6 33. Ne8 Rg2+ 34. Kf1 Rxg3 0-1

[Event "PriFR-ch U18"]
[Site "Penza"]
[Date "2008.11.11"]
[Round "9"]
[White "Ishbuldin, Marsel"]
[Black "Ovchinnikov, Alexey"]
[Result "0-1"]
[WhiteElo "2047"]
[BlackElo "2181"]
[PlyCount "52"]
[EventDate "2008.11.03"]
[EventType "swiss"]
[EventRounds "9"]
[EventCountry "RUS"]
[SourceTitle "EXT 2022"]
[Source "ChessBase"]
[SourceDate "2021.10.06"]
[SourceVersion "1"]
[SourceVersionDate "2021.10.06"]
[SourceQuality "1"]

1. d4 c5 2. d5 g6 3. e4 Bg7 4. f4 d6 5. c3 Nf6 6. Nf3 0-0 7. Bd3 e6 8. c4 exd5 9. cxd5 Bg4 10. h3 Bxf3 11. Qxf3 Re8 12. Nc3 a6 13. a4 Nbd7 14. 0-0 Qc7 15. g4 c4 16. Bc2 Nc5 17. e5 dxe5 18. fxe5 Qxe5 19. g5 Nh5 20. Qxf7+ Kh8 21. Bf4 Qd4+ 22. Kh1 Rf8 23. Qc7 Nxf4 24. Rae1 Qd2 25. Rg1 Qf2 26. Ref1 Qe3 0-1

[Event "PriFR-ch U18"]
[Site "Penza"]
[Date "2008.11.06"]
[Round "4"]
[White "Kamov, Igor"]
[Black "Ovchinnikov, Alexey"]
[Result "1-0"]
[WhiteElo "2260"]
[BlackElo "2181"]
[PlyCount "117"]
[EventDate "2008.11.03"]
[EventType "swiss"]
[EventRounds "9"]
[EventCountry "RUS"]
[SourceTitle "EXT 2022"]
[Source "ChessBase"]
[SourceDate "2021.10.06"]
[SourceVersion "1"]
[SourceVersionDate "2021.10.06"]
[SourceQuality "1"]

1. d4 Nf6 2. c4 c5 3. d5 e5 4. Nc3 d6 5. e4 Nbd7 6. f4 exf4 7. Bxf4 Ne5 8. Bxe5 dxe5 9. Nf3 Bd6 10. Bd3 0-0 11. 0-0 Nh5 12. Nxe5 Qg5 13. Nf3 Qe3+ 14. Rf2 Bg4 15. Qd2 Bf4 16. Re1 Qxf3 17. gxf3 Bxd2 18. Rxd2 Bxf3 19. Rf2 Bg4 20. e5 Rad8 21. Re4 f5 22. exf6 Bd7 23. fxg7 Rxf2 24. Kxf2 Nxg7 25. Re7 Kf8 26. Re5 h6 27. Ne4 b6 28. a3 a5 29. Nf6 Kf7 30. Nxd7 Rxd7 31. Kf3 Rd6 32. Ke3 Rf6 33. Be4 Ne8 34. Bf3 Nd6 35. Bh5+ Kf8 36. Be2 Nf7 37. Re4 Nd6 38. Rg4 Kf7 39. Bd3 Kf8 40. h4 Kf7 41. b3 Kf8 42. Rg2 Kf7 43. b4 axb4 44. axb4 Ke7 45. bxc5 bxc5 46. Rg7+ Rf7 47. Rg6 Rf6 48. Rg2 Rf8 49. Ra2 Nf7 50. Ra7+ Kd6 51. Ra6+ Ke7 52. Rc6 Nd6 53. Rxc5 Rg8 54. Rc7+ Kf6 55. c5 Nf7 56. Be4 Ne5 57. Rh7 Rb8 58. Rxh6+ Kf7 59. Rh7+ 1-0

[Event "Perm op 07"]
[Site "Perm"]
[Date "2008.07.21"]
[Round "3"]
[White "Ovchinnikov, Alexey"]
[Black "Ardovsky, Philip"]
[Result "1-0"]
[WhiteElo "2169"]
[BlackElo "2023"]
[PlyCount "59"]
[EventDate "2008.07.17"]
[EventType "swiss"]
[EventRounds "8"]
[EventCountry "RUS"]
[SourceTitle "EXT 2022"]
[Source "ChessBase"]
[SourceDate "2021.10.06"]
[SourceVersion "1"]
[SourceVersionDate "2021.10.06"]
[SourceQuality "1"]

1. e4 c5 2. c3 Qa5 3. Nf3 d6 4. d4 cxd4 5. b4 Qc7 6. cxd4 Nf6 7. Bd3 Bg4 8. 0-0 Nc6 9. Be3 Bxf3 10. Qxf3 Nxb4 11. Bb5+ Nd7 12. Na3 a6 13. Rfc1 Nc6 14. Ba4 Qa5 15. Bxc6 bxc6 16. Nc4 Qc7 17. Bd2 Qa7 18. Be3 Rc8 19. Rab1 g6 20. Na5 c5 21. Rb7 Qa8 22. dxc5 Bg7 23. cxd6 Rxc1+ 24. Bxc1 Ne5 25. Rxe7+ Kf8 26. Qh3 h5 27. Rc7 f5 28. d7 Nxd7 29. Rxd7 Qxe4 30. Qe3 1-0

[Event "PriFR-ch U16"]
[Site "Gorodets"]
[Date "2007.11.??"]
[Round "8"]
[White "Paley, Alexander"]
[Black "Ovchinnikov, Alexey"]
[Result "0-1"]
[WhiteElo "1986"]
[BlackElo "2158"]
[PlyCount "60"]
[EventDate "2007.11.02"]
[EventType "swiss"]
[EventRounds "9"]
[EventCountry "RUS"]
[SourceTitle "EXT 2022"]
[Source "ChessBase"]
[SourceDate "2021.10.06"]
[SourceVersion "1"]
[SourceVersionDate "2021.10.06"]
[SourceQuality "1"]

1. e4 c5 2. Nc3 g6 3. g3 Bg7 4. d3 Nc6 5. Bg2 d6 6. Be3 Qa5 7. Qd2 Nd4 8. Bxd4 cxd4 9. Nd5 Qd8 10. Qb4 e6 11. Nf4 Ne7 12. Nfe2 Nc6 13. Qd2 Bd7 14. Nh3 Rc8 15. 0-0 Qa5 16. c3 0-0 17. a3 dxc3 18. bxc3 Nd4 19. Nxd4 Bxd4 20. Qh6 Bg7 21. Qh4 Rxc3 22. Qe7 Qc7 23. Nf4 Rc5 24. Rab1 Re8 25. Qh4 g5 26. Qg4 gxf4 27. e5 Bc6 28. Bxc6 Qxc6 29. exd6 b6 30. d4 Rd5 0-1

[Event "Perm Elo"]
[Site "Perm"]
[Date "2007.10.08"]
[Round "5"]
[White "Ovchinnikov, Alexey"]
[Black "Vshivkov, Konstantin"]
[Result "0-1"]
[WhiteElo "2098"]
[BlackElo "2368"]
[PlyCount "150"]
[EventDate "2007.10.03"]
[EventType "tourn"]
[EventRounds "11"]
[EventCountry "RUS"]
[EventCategory "2"]
[SourceTitle "EXT 2009"]
[Source "ChessBase"]
[SourceDate "2008.11.26"]
[SourceVersion "1"]
[SourceVersionDate "2008.11.26"]
[SourceQuality "1"]

1. e4 e6 2. d4 d5 3. Nd2 c5 4. c3 Nc6 5. Ngf3 Nf6 6. Bd3 cxd4 7. cxd4 dxe4 8. Nxe4 Be7 9. 0-0 0-0 10. Ng3 a6 11. Be3 b5 12. a4 bxa4 13. Qxa4 Bd7 14. Qd1 Nb4 15. Be2 Bb5 16. Ne5 Nfd5 17. Nh5 Bd6 18. Bxb5 Bxe5 19. Ba4 Bf6 20. Qg4 Kh8 21. Ra3 Nxe3 22. fxe3 Bg5 23. Nf4 f5 24. Qf3 Qd6 25. Bb3 Rae8 26. Qh3 Bh6 27. Ba4 Re7 28. Nd3 Nxd3 29. Rxd3 Rb7 30. b3 Rbf7 31. Rc3 Rc7 32. Rxc7 Qxc7 33. e4 Qb6 34. Qc3 g6 35. Kh1 Bg7 36. Qc5 Rb8 37. exf5 gxf5 38. Qxb6 Rxb6 39. d5 exd5 40. Rxf5 Re6 41. g3 Rd6 42. Rf3 d4 43. Rd3 Re6 44. Bd7 Re2 45. Bc8 Ra2 46. Be6 Be5 47. Bc4 Kg7 48. Kg1 a5 49. h3 Rc2 50. Bd5 Bf6 51. Kf1 Rb2 52. Bc4 Rc2 53. Bd5 h6 54. Be6 Kf8 55. Bf5 Rb2 56. Bg4 Ke7 57. Be2 Kd6 58. Kf2 Ke5 59. Kf3 Bg5 60. h4 Be3 61. g4 Rc2 62. Rd1 Rc3 63. Rd3 Rc7 64. Rd1 Rf7+ 65. Kg3 Rf2 66. Bc4 Rc2 67. Bf7 Bf2+ 68. Kh3 Rc3+ 69. Kg2 Bxh4 70. Ra1 Bd8 71. Kf2 d3 72. Re1+ Kf4 73. Rd1 Bh4+ 74. Kf1 Ke3 75. Bc4 d2 0-1

[Event "Soukhumi op"]
[Site "Soukhumi"]
[Date "2007.08.05"]
[Round "3"]
[White "Ovchinnikov, Alexey"]
[Black "Kubatko, Ivan"]
[Result "1/2-1/2"]
[WhiteElo "2098"]
[BlackElo "2112"]
[PlyCount "66"]
[EventDate "2007.08.03"]
[EventType "swiss"]
[EventRounds "9"]
[EventCountry "RUS"]
[SourceTitle "EXT 2009"]
[Source "ChessBase"]
[SourceDate "2008.11.26"]
[SourceVersion "1"]
[SourceVersionDate "2008.11.26"]
[SourceQuality "1"]

1. c4 e6 2. Nc3 d5 3. d4 c5 4. e3 Nf6 5. Nf3 Nc6 6. Be2 Bd6 7. 0-0 0-0 8. b3 b6 9. Bb2 Bb7 10. Rc1 Rc8 11. Bd3 Qe7 12. Qe2 Nb4 13. Bb1 dxc4 14. bxc4 Bxf3 15. Qxf3 cxd4 16. exd4 Rxc4 17. Ne4 Rfc8 18. Rxc4 Rxc4 19. Nxf6+ Qxf6 20. Qa8+ Bf8 21. Qxa7 Nd5 22. Qa8 b5 23. Bd3 Ra4 24. Qb7 Rxa2 25. Qxb5 Nb4 26. Ba1 Qd8 27. Be4 Ra5 28. Qc4 Ra7 29. g3 Rc7 30. Qb3 Nc6 31. d5 exd5 32. Bxd5 Nb4 33. Be4 Rd7 1/2-1/2

[Event "Perm op 07-C"]
[Site "Perm"]
[Date "2007.07.23"]
[Round "3"]
[White "Sazonov, Artem"]
[Black "Ovchinnikov, Alexey"]
[Result "0-1"]
[WhiteElo "2025"]
[BlackElo "2039"]
[PlyCount "108"]
[EventDate "2007.07.20"]
[EventType "swiss"]
[EventRounds "8"]
[EventCountry "RUS"]
[SourceTitle "EXT 2022"]
[Source "ChessBase"]
[SourceDate "2021.10.06"]
[SourceVersion "1"]
[SourceVersionDate "2021.10.06"]
[SourceQuality "1"]

1. e4 e5 2. Nf3 Nc6 3. Bb5 a6 4. Bxc6 dxc6 5. 0-0 Qd6 6. d4 exd4 7. Nxd4 c5 8. Nb3 Qxd1 9. Rxd1 Bd7 10. Be3 b6 11. Nc3 0-0-0 12. Nd5 Re8 13. f3 Ne7 14. c4 f5 15. Bf4 Nxd5 16. exd5 h6 17. Re1 Bd6 18. Bxd6 cxd6 19. Kf2 a5 20. Nd2 Kc7 21. a3 a4 22. Nb1 Rxe1 23. Kxe1 b5 24. cxb5 Bxb5 25. Nc3 Bd7 26. Kd1 Rb8 27. Kc2 Re8 28. Kd2 Kb6 29. Rc1 Re5 30. f4 Re8 31. Rg1 c4 32. Rd1 Kc5 33. Kc2 Re3 34. Rg1 g5 35. fxg5 hxg5 36. g3 g4 37. Kd2 Re7 38. Rf1 Rh7 39. Rf2 Kd4 40. Rf4+ Ke5 41. Rf2 Rh8 42. Re2+ Kd4 43. Re7 Be8 44. Re6 Kc5 45. Re2 Bd7 46. Kd1 f4 47. Re7 fxg3 48. hxg3 Rh1+ 49. Kd2 Bf5 50. Rg7 Kd4 51. Rf7 Rh2+ 52. Ne2+ Ke4 53. Rf6 Ke5 54. Rf8 Bd3 0-1

[Event "Perm op-A 06"]
[Site "Perm"]
[Date "2007.06.09"]
[Round "4"]
[White "Davydov, Stepan"]
[Black "Ovchinnikov, Alexey"]
[Result "1/2-1/2"]
[WhiteElo "2022"]
[BlackElo "2105"]
[PlyCount "50"]
[EventDate "2007.06.06"]
[EventType "swiss"]
[EventRounds "8"]
[EventCountry "RUS"]
[SourceTitle "EXT 2022"]
[Source "ChessBase"]
[SourceDate "2021.10.06"]
[SourceVersion "1"]
[SourceVersionDate "2021.10.06"]
[SourceQuality "1"]

1. e4 c5 2. c3 d5 3. exd5 Qxd5 4. d4 cxd4 5. cxd4 Nc6 6. Nf3 e5 7. Nc3 Bb4 8. Bd2 Bxc3 9. Bxc3 e4 10. Ne5 Nxe5 11. dxe5 Ne7 12. Qe2 0-0 13. Rd1 Qc6 14. Bb4 Re8 15. Bxe7 Rxe7 16. Rd8+ Re8 17. Rxe8+ Qxe8 18. Qxe4 Be6 19. Bd3 g6 20. Qxb7 Qd8 21. 0-0 Bd5 22. Qa6 Qg5 23. g3 Qxe5 24. Bc4 Bxc4 25. Qxc4 Qxb2 1/2-1/2